[Event "IND-ch U19 44th"]
[Site "Mumbai"]
[Date "2014.07.11"]
[Round "2"]
[White "Narayanan, Sunilduth Lyna"]
[Black "Deep, Kapoor"]
[Result "1-0"]
[WhiteElo "2409"]
[BlackElo "1972"]
[PlyCount "63"]
[EventDate "2014.07.10"]
[EventType "swiss"]
[EventRounds "11"]
[EventCountry "IND"]
[SourceTitle "EXT 2016"]
[Source "ChessBase"]
[SourceDate "2015.10.08"]
[SourceVersion "1"]
[SourceVersionDate "2015.10.08"]
[SourceQuality "1"]

1. d4 Nf6 2. c4 e6 3. Nc3 Bb4 4. e3 Bxc3+ 5. bxc3 b6 6. e4 d6 7. Bd3 e5 8. Ne2 c5 9. 0-0 Nc6 10. f4 exd4 11. cxd4 cxd4 12. Bb2 0-0 13. Nxd4 Nxd4 14. Bxd4 Nd7 15. Qg4 f6 16. Qe6+ Kh8 17. Qxd6 Bb7 18. Rad1 Rc8 19. Qa3 Nc5 20. Bxc5 bxc5 21. Bc2 Qc7 22. Qh3 f5 23. exf5 Rf6 24. Qg3 Rcf8 25. Rfe1 Bc8 26. Rd5 Qa5 27. Re7 R6f7 28. Rxf7 Rxf7 29. Qc3 Qb6 30. Qe3 Rf8 31. Qxc5 Qxc5+ 32. Rxc5 1-0

[Event "IND-ch Challengers 50th"]
[Site "Tirupati"]
[Date "2012.05.18"]
[Round "1.13"]
[White "Ramnath, Bhuvanesh R"]
[Black "Deep, Kapoor"]
[Result "1-0"]
[WhiteElo "2355"]
[BlackElo "1925"]
[PlyCount "49"]
[EventDate "2012.05.18"]
[EventType "swiss"]
[EventRounds "13"]
[EventCountry "IND"]
[SourceTitle "CBM 148 Extra"]
[Source "ChessBase"]
[SourceDate "2012.06.22"]
[SourceVersion "1"]
[SourceVersionDate "2012.06.22"]
[SourceQuality "1"]

1. Nf3 Nf6 2. g3 b6 3. Bg2 Bb7 4. 0-0 e6 5. d3 Be7 6. e4 d6 7. Re1 c5 8. Nbd2 Nc6 9. c3 d5 10. e5 Nd7 11. h4 Qc7 12. Qe2 h6 13. Nf1 b5 14. a4 b4 15. Bf4 bxc3 16. bxc3 Ba6 17. Ne3 Na5 18. Nxd5 exd5 19. e6 Qd8 20. exd7+ Qxd7 21. Ne5 Qd8 22. Nxf7 Kxf7 23. Qe6+ Ke8 24. Qg6+ Kf8 25. Rxe7 1-0

[Event "New Delhi Parsvnath op 9th"]
[Site "New Delhi"]
[Date "2011.01.09"]
[Round "3"]
[White "Rathnakaran, Kantholi"]
[Black "Deep, Kapoor"]
[Result "1-0"]
[WhiteElo "2381"]
[BlackElo "1795"]
[PlyCount "96"]
[EventDate "2011.01.08"]
[EventType "swiss"]
[EventRounds "11"]
[EventCountry "IND"]
[SourceTitle "CBM 140 Extra"]
[Source "ChessBase"]
[SourceDate "2011.03.01"]
[SourceVersion "1"]
[SourceVersionDate "2011.03.01"]
[SourceQuality "1"]

1. e4 c5 2. Nf3 g6 3. g3 Bg7 4. Bg2 Nc6 5. 0-0 d6 6. c3 Nf6 7. Re1 0-0 8. h3 e6 9. d4 e5 10. dxc5 dxc5 11. Qc2 Qc7 12. Be3 b6 13. a4 Qe7 14. Na3 h6 15. Nc4 Ba6 16. Nfd2 Qe6 17. b3 Rac8 18. f4 Qe7 19. f5 Rfd8 20. Bf2 Kh8 21. Ne3 Qd7 22. Rad1 Qd3 23. Qc1 Qd6 24. fxg6 fxg6 25. Nf3 Qe6 26. Nh4 Kh7 27. Nd5 Ne7 28. c4 Nc6 29. Rd3 Nd4 30. Kh2 Rf8 31. Be3 Bb7 32. Qd2 Bc6 33. Qd1 Bb7 34. Rd2 Bc6 35. Ra2 Qd6 36. Rf1 Rb8 37. Raf2 Bd7 38. Qd3 Rbd8 39. Nf3 Bc6 40. Nxd4 cxd4 41. Bd2 Nd7 42. a5 Nc5 43. Qb1 Bxd5 44. cxd5 Rxf2 45. Rxf2 bxa5 46. Bxa5 Rf8 47. Rxf8 Qxf8 48. Bb4 Qc8 1-0